Statistics for NFL Super Bowl Losers

Click here to take the quiz!

General Stats

  • This quiz has been taken 51 times
    (7 since last reset)
  • The average score is 30 of 58

Answer Stats

Super BowlSeasonLoserWinner% Correct
I1966Kansas City ChiefsGreen Bay Packers
100%
LVIII2023San Francisco 49ersKansas City Chiefs
80%
LI2016Atlanta FalconsNew England Patriots
60%
III1968Baltimore ColtsNew York Jets
60%
502015Carolina PanthersDenver Broncos
60%
LVI2021Cincinnati BengalsLos Angeles Rams
60%
XIII1978Dallas CowboysPittsburgh Steelers
60%
V1970Dallas CowboysBaltimore Colts
60%
X1975Dallas CowboysPittsburgh Steelers
60%
XXIV1989Denver BroncosSan Francisco 49ers
60%
XLVIII2013Denver BroncosSeattle Seahawks
60%
XII1977Denver BroncosDallas Cowboys
60%
LV2020Kansas City ChiefsTampa Bay Buccaneers
60%
XIV1979Los Angeles RamsPittsburgh Steelers
60%
LIII2018Los Angeles RamsNew England Patriots
60%
VI1971Miami DolphinsDallas Cowboys
60%
XIX1984Miami DolphinsSan Francisco 49ers
60%
XI1976Minnesota VikingsOakland Raiders
60%
IX1974Minnesota VikingsPittsburgh Steelers
60%
VIII1973Minnesota VikingsMiami Dolphins
60%
IV1969Minnesota VikingsKansas City Chiefs
60%
LII2017New England PatriotsPhiladelphia Eagles
60%
II1967Oakland RaidersGreen Bay Packers
60%
XV1980Philadelphia EaglesOakland Raiders
60%
XXXIX2004Philadelphia EaglesNew England Patriots
60%
LVII2022Philadelphia EaglesKansas City Chiefs
60%
XXIX1994San Diego ChargersSan Francisco 49ers
60%
XLVII2012San Francisco 49ersBaltimore Ravens
60%
LIV2019San Francisco 49ersKansas City Chiefs
60%
XLIX2014Seattle SeahawksNew England Patriots
60%
VII1972Washington RedskinsMiami Dolphins
60%
XLIII2008Arizona CardinalsPittsburgh Steelers
40%
XXXIII1998Atlanta FalconsDenver Broncos
40%
XXVIII1993Buffalo BillsDallas Cowboys
40%
XXVII1992Buffalo BillsDallas Cowboys
40%
XXV1990Buffalo BillsNew York Giants
40%
XXVI1991Buffalo BillsWashington Redskins
40%
XXXVIII2003Carolina PanthersNew England Patriots
40%
XLI2006Chicago BearsIndianapolis Colts
40%
XXIII1988Cincinnati BengalsSan Francisco 49ers
40%
XVI1981Cincinnati BengalsSan Francisco 49ers
40%
XXII1987Denver BroncosWashington Redskins
40%
XXI1986Denver BroncosNew York Giants
40%
XXXII1997Green Bay PackersDenver Broncos
40%
XLIV2009Indianapolis ColtsNew Orleans Saints
40%
XVII1982Miami DolphinsWashington Redskins
40%
XXXI1996New England PatriotsGreen Bay Packers
40%
XLVI2011New England PatriotsNew York Giants
40%
XLII2007New England PatriotsNew York Giants
40%
XX1985New England PatriotsChicago Bears
40%
XXXV2000New York GiantsBaltimore Ravens
40%
XXXVII2002Oakland RaidersTampa Bay Buccaneers
40%
XLV2010Pittsburgh SteelersGreen Bay Packers
40%
XXX1995Pittsburgh SteelersDallas Cowboys
40%
XL2005Seattle SeahawksPittsburgh Steelers
40%
XXXVI2001St. Louis RamsNew England Patriots
40%
XXXIV1999Tennessee TitansSt. Louis Rams
40%
XVIII1983Washington RedskinsLos Angeles Raiders
40%

Score Distribution

Percentile by Number Answered

Percent of People with Each Score

Your Score History

You have not taken this quiz since the last reset